Farlam and Hathaway Contract : (Record no. 469)

MARC details
000 -LEADER
fixed length control field 00612nam a22001817a 4500
005 - DATE AND TIME OF INPUT
control field 20231109093709.0
008 - DATA ELEMENTS--GENERAL INFORMATION
fixed length control field 231109b |||||||| |||| 00| 0 eng d
020 ## - INTERNATIONAL STANDARD BOOK NUMBER
International Standard Book Number 070212172 ; 0702121738
041 ## - LANGUAGE CODE
Language code of text English
082 ## - SHELF NUMBER
DDC number 346.2 FAR
100 ## - MAIN AUTHOR
Main author's name Lubbe, GF and Murray, CM
Language of a work English
245 ## - TITLE STATEMENT
Title Farlam and Hathaway Contract :
Sub-title Cases, Materials and Commentary /
Statement of responsibility, etc. GF Lubbe and CM Murray
250 ## - EDITION STATEMENT
Edition statement Third Edition
260 ## - PUBLICATION, DISTRIBUTION, ETC.
Place of publication, distribution, etc. Cape Town :
Name of publisher, distributor, etc. Juta and Company Ltd,
Date of publication, distribution, etc. 1988
300 ## - PHYSICAL DESCRIPTION
Other physical details xxxvii, 788 pages ;
Dimensions 26 cm.
650 ## - SUBJECT`
Broad subject Legal practice
Own subject terms Law
942 ## - ADDED ENTRY ELEMENTS (KOHA)
Item type Books
942 ## - ADDED ENTRY ELEMENTS (KOHA)
-- ALISON_BN_VRIES
Holdings
Source of classification or shelving scheme Not for loan Collection code Home library Current library Shelving location Date acquired Full call number Barcode Price effective from Koha item type
Dewey Decimal Classification   TEXT BOOKS LAW SOCIETY OF NAMIBIA LIBRARY - WINDHOEK LAW SOCIETY OF NAMIBIA LIBRARY - WINDHOEK Contract law 11/09/2023 346.2 FAR LSN/1989/44 11/09/2023 Books